Základná charakteristika Prešovského kraja

Stručné priblíženie postavenia Prešovského regiónu z pohľadu geografického, hospodárskeho a prehľad informácií o vývoji obyvateľstva, jeho vekovom zložení, o špecifikách samosčítania.

Salvato in:
Dettagli Bibliografici
Autore principale: Trybulová, Mária
Natura: Capitolo di libro
Lingua:slovacco
Soggetti:
Tags: Aggiungi Tag
Nessun Tag, puoi essere il primo ad aggiungerne!!

MARC

LEADER 00000naa a2200000 4500
001 0192705
005 20220715094116.9
041 0 |a slo 
044 |a SK 
245 1 0 |a Základná charakteristika Prešovského kraja  |c Mária Trybulová 
520 |a Stručné priblíženie postavenia Prešovského regiónu z pohľadu geografického, hospodárskeho a prehľad informácií o vývoji obyvateľstva, jeho vekovom zložení, o špecifikách samosčítania. 
610 2 0 |a Slovensko 
610 2 0 |a informácie štatistické 
610 2 0 |a kraje 
610 2 0 |a regióny 
610 2 0 |a geografia 
610 2 0 |a vývoj populačný 
100 1 |a Trybulová, Mária